| 000 | 00372nam a22001457a 4500 | ||
|---|---|---|---|
| 003 | NUST - PNEC | ||
| 005 | 20170116181100.0 | ||
| 008 | 151002b xxu||||| |||| 00| 0 eng d | ||
| 040 | _cLIBRARY | ||
| 082 | _a621.815 BLA | ||
| 100 |
_912343 _aBlack, Paul H. |
||
| 245 |
_aMachine design _cBlack, Paul H. |
||
| 650 |
_912338 _aMechanical Engineering _xME |
||
| 942 |
_2ddc _cBK |
||
| 999 |
_c68728 _d68728 |
||